स्वाभीमान : (Record no. 114965)

MARC details
000 -LEADER
fixed length control field 00999nam a22002537a 4500
005 - DATE AND TIME OF LATEST TRANSACTION
control field 20170124103016.0
010 ## - LIBRARY OF CONGRESS CONTROL NUMBER
LC control number A-977087
020 ## - INTERNATIONAL STANDARD BOOK NUMBER
Terms of availability 75.00
035 ## - SYSTEM CONTROL NUMBER
System control number A-977087
037 ## - SOURCE OF ACQUISITION
Source of stock number/acquisition Cen Lib/Ret
040 ## - CATALOGING SOURCE
Original cataloging agency DPL
Language of cataloging HN
082 ## - DEWEY DECIMAL CLASSIFICATION NUMBER
Classification number
Item number कश्यप
100 ## - MAIN ENTRY--PERSONAL NAME
Personal name कश्यप, पुष्पलता
9 (RLIN) 59212
245 ## - TITLE STATEMENT
Title स्वाभीमान :
Statement of responsibility, etc पुष्पलता कश्यप
Remainder of title कहानी संग्रह /
246 ## - VARYING FORM OF TITLE
Title proper/short title Swabhimaan : kahani sangarh /
Remainder of title by Pushplata Kashyap
260 ## - PUBLICATION, DISTRIBUTION, ETC. (IMPRINT)
Place of publication, distribution, etc जोधपुर
Name of publisher, distributor, etc राजस्थानी ग्रंथागार
Date of publication, distribution, etc 1998
270 ## - ADDRESS
Address सोजती गेट
City जोधपुर
300 ## - PHYSICAL DESCRIPTION
Extent iii,90पृ.
Dimensions 19सेमी(सजिल्द)
650 ## - SUBJECT ADDED ENTRY--TOPICAL TERM
Topical term or geographic name as entry element हिंदी साहित्य
9 (RLIN) 59213
650 ## - SUBJECT ADDED ENTRY--TOPICAL TERM
Topical term or geographic name as entry element हिंदी कहानियां
9 (RLIN) 2082
650 ## - SUBJECT ADDED ENTRY--TOPICAL TERM
Topical term or geographic name as entry element Hindi literature
9 (RLIN) 59214
650 ## - SUBJECT ADDED ENTRY--TOPICAL TERM
Topical term or geographic name as entry element Hindi stories
9 (RLIN) 59215
942 ## - ADDED ENTRY ELEMENTS (KOHA)
Source of classification or shelving scheme Dewey Decimal Classification
Koha item type Hindi Books
Classification part
Call number suffix कश्यप
Holdings
Withdrawn status Lost status Damaged status Not for loan Home library Current library Date acquired Source of acquisition Cost, normal purchase price Total Checkouts Full call number Barcode Date last seen Copy number Cost, replacement price Price effective from Koha item type
        Central Library Central Library 19/08/2015 Cen Lib/Ret 75.00   क कश्यप A-977087 19/08/2015 1 75.00 19/08/2015 Hindi Books

© Delhi Public Library
Hit Counter
free hit counter